Management: function and strategy (Record no. 82432)
[ view plain ]
| 000 -LEADER | |
|---|---|
| fixed length control field | 01493nam a2200265 a 4500 |
| 008 - FIXED-LENGTH DATA ELEMENTS--GENERAL INFORMATION | |
| fixed length control field | 120416s1990 ||||||||||||||||| || u |
| 020 ## - INTERNATIONAL STANDARD BOOK NUMBER | |
| International Standard Book Number | 0256057338 |
| 050 ## - LIBRARY OF CONGRESS CALL NUMBER | |
| Classification number | HD 31 Bat |
| 100 ## - MAIN ENTRY--PERSONAL NAME | |
| Personal name | Bateman, Thomas S |
| 245 10 - TITLE STATEMENT | |
| Title | Management: function and strategy |
| 260 ## - PUBLICATION, DISTRIBUTION, ETC. | |
| Place of publication, distribution, etc. | Homewood, IL : |
| Name of publisher, distributor, etc. | Irwin |
| Date of publication, distribution, etc. | 1990 |
| 300 ## - PHYSICAL DESCRIPTION | |
| Extent | xxxvi, 796p. : ill. |
| 350 ## - | |
| -- | 0.00 |
| 490 ## - | |
| -- | The Irwin series in management and the behavioral sciences |
| 500 ## - GENERAL NOTE | |
| General note | Bibliography. |
| 650 ## - SUBJECT ADDED ENTRY--TOPICAL TERM | |
| Topical term or geographic name entry element | STRATEGIC MANAGEMENT |
| 650 #0 - SUBJECT ADDED ENTRY--TOPICAL TERM | |
| Topical term or geographic name entry element | MANAGEMENT |
| 700 ## - ADDED ENTRY--PERSONAL NAME | |
| Personal name | Zeithaml, Carl P |
| 995 ## - | |
| -- | MAIN LIBRARY OPEN ACCESS |
| -- | 0.00 |
| -- | 725382 |
| -- | CBU-MAIN LIBRARY (Kitwe) |
| -- | 1 |
| -- | 47.95 |
| -- | HD 31 Bat |
| -- | 1 |
| -- | AVAILABLE |
| -- | 000305 |
| -- | Main Library Open Access Collection |
| 995 ## - | |
| -- | MAIN LIBRARY OPEN ACCESS |
| -- | 0.00 |
| -- | 729570 |
| -- | CBU-MAIN LIBRARY (Kitwe) |
| -- | 3 |
| -- | 47.95 |
| -- | HD 31 Bat |
| -- | 5 |
| -- | LOST |
| -- | Mar 11, 2013 |
| -- | 729570 |
| -- | Main Library Open Access Collection |
| 995 ## - | |
| -- | TEXTBOOKS (SBE) |
| -- | 0.00 |
| -- | 5560 |
| -- | CBU-SCHOOL TEXTBOOK COLLECTIONS |
| -- | 1 |
| -- | 0.00 |
| -- | SCHOOL TEXTBOOK |
| -- | 6 |
| -- | AVAILABLE |
| -- | Sep 14, 2009 |
| -- | 5560 |
| -- | School Collections |
| 995 ## - | |
| -- | BINDERY (DAMAGED) |
| -- | 0.00 |
| -- | 725384 |
| -- | CBU-MAIN LIBRARY (Kitwe) |
| -- | 4 |
| -- | 47.95 |
| -- | HD 31 Bat |
| -- | 3 |
| -- | DAMAGED |
| -- | 000307 |
| -- | Main Library Open Access Collection |
| 995 ## - | |
| -- | BINDERY (DAMAGED) |
| -- | 0.00 |
| -- | 725383 |
| -- | CBU-MAIN LIBRARY (Kitwe) |
| -- | 5 |
| -- | 47.95 |
| -- | HD 31 Bat |
| -- | 2 |
| -- | DAMAGED |
| -- | 000306 |
| -- | Main Library Open Access Collection |
| 995 ## - | |
| -- | BINDERY (DAMAGED) |
| -- | 0.00 |
| -- | 725385 |
| -- | CBU-MAIN LIBRARY (Kitwe) |
| -- | 2 |
| -- | 47.95 |
| -- | HD 31 Bat |
| -- | 4 |
| -- | DAMAGED |
| -- | 000308 |
| -- | Main Library Open Access Collection |
| 999 ## - | |
| -- | 82432 |
| -- | 82432 |
| Withdrawn status | Lost status | Source of classification or shelving scheme | Damaged status | Not for loan | Permanent Location | Current Location | Shelving location | Date acquired | Total Checkouts | Full call number | Barcode | Date last seen | Copy number | Price effective from | Koha item type |
|---|---|---|---|---|---|---|---|---|---|---|---|---|---|---|---|
| CBU-MAIN LIBRARY, KITWE. | CBU-MAIN LIBRARY, KITWE. | 09/27/2023 | HD 31 Bat | 000305 | 09/27/2023 | 1 | 09/27/2023 | MONOGRAPH | |||||||
| CBU-MAIN LIBRARY, KITWE. | CBU-MAIN LIBRARY, KITWE. | 09/27/2023 | HD 31 Bat | 729570 | 09/27/2023 | 2 | 09/27/2023 | MONOGRAPH | |||||||
| CBU-MAIN LIBRARY, KITWE. | CBU-MAIN LIBRARY, KITWE. | 09/27/2023 | HD 31 Bat | 000307 | 09/27/2023 | 4 | 09/27/2023 | MONOGRAPH | |||||||
| CBU-MAIN LIBRARY, KITWE. | CBU-MAIN LIBRARY, KITWE. | 09/27/2023 | HD 31 Bat | 000306 | 09/27/2023 | 5 | 09/27/2023 | MONOGRAPH | |||||||
| CBU-MAIN LIBRARY, KITWE. | CBU-MAIN LIBRARY, KITWE. | 09/27/2023 | HD 31 Bat | 000308 | 09/27/2023 | 6 | 09/27/2023 | MONOGRAPH | |||||||
| CBU-SCHOOL TEXT BOOK COLLECTION | CBU-SCHOOL TEXT BOOK COLLECTION | 09/27/2023 | SCHOOL TEXTBOOK | 5560 | 09/27/2023 | 3 | 09/27/2023 | MONOGRAPH |